000 00356nam a2200145Ia 4500
008 230917s9999||||xx |||||||||||||| ||und||
040 _e112704
_aMAIN
041 _aEnglish
082 _a005.133 D 643 M
100 _aDixit, J. B.
245 0 _aMastering c++ programes
260 _aNew Delhi
_bFirewall Media
_c2003
300 _a598p. p.
942 _cBK
999 _c136189
_d136189